header

The Czech Republic, the European Union and Northern Ireland (Record no. 111617)

MARC details
000 -LEADER
fixed length control field 01424nam a2200349Ia 4500
082 04 - DEWEY DECIMAL CLASSIFICATION NUMBER
Classification number 306.44/94
245 04 - TITLE STATEMENT
Title The Czech Republic, the European Union and Northern Ireland
260 ## - PUBLICATION, DISTRIBUTION, ETC. (IMPRINT)
Place of publication Clevedon ;
-- Buffalo, NY :
Name of publisher Multilingual Matters Ltd.,
Year of publication c2005-
300 ## - PHYSICAL DESCRIPTION
Number of Pages 314 p. :
Other physical details ill., maps.
490 1# - SERIES STATEMENT
Series statement Language planning and policy
Series statement Language planning and policy in Europe ;
650 #0 - SUBJECT ADDED ENTRY--TOPICAL TERM
Topical Term Language planning
Topical Term Language policy
700 1# - ADDED ENTRY--PERSONAL NAME
Personal name Baldauf, Richard B.,
Personal name Kaplan, Robert B.
856 40 - ELECTRONIC LOCATION AND ACCESS
Uniform Resource Identifier http://site.ebrary.com/lib/rucke/Doc?id=10120622

No items available.

© 2026 Rongo University
Contact us: librarian | system librarian | Rongo university